00556nam a22001697a 450000500170000001000150001702000260003203500130005803700130007108200130008410000190009724501260011626000340024227000640027630000270034050000190036720130605121806.0 aENG-107529 a9788170948544c295.00 aEN-91062 bDBAD/PUB a332.6322 aHobson, Rodney aHow to build a share portfolio :cby Rodney Hobsonba practical guide to selecting and monitoring a portfolio of shares / aNew DelhibVision Booksc2012 a24, Feroze Gandhi Road, Lajpat Nagar-IIIbNew Delhie110024 axiii, 256p.c22cm(pbk) aIncludes index